• 首页
  • 本馆介绍
  • 公告通知
  • 最新文献
  • 馆藏检索
  • 电子资源
  • 读者导购
  • 参考咨询
  • 我的图书馆
  • 登录
  • 详细信息显示
  • 放入我的书架
  • 预约/预借图书
  • 作者相关作品
  • 分类相关作品
  • 丛书相关作品
  • 出版社相关作品

书目信息

  • 表格格式
  • 工作单格式
  • 卡片格式
题名:
跌打损伤偏方验方疗法
    
 
作者: 李爱民 主编 ;王志强 编著
分册:  
出版信息: 北京   金盾出版社  2009
页数: 246页
开本: 21cm
丛书名:
单 册:
中图分类: R289.5
科图分类:
主题词: 创伤--验方 , 创伤 , 验方
电子资源:
ISBN: 978-7-5082-5173-8
000 00945nam0 2200265 45
001 1033032312
005 20100407170806.51
010    @a978-7-5082-5173-8@dCNY15.00
100    @a20100331e2009 em y0chiy50 ea
101 0  @achi
102    @aCN@b110000
105    @aa z 000yy
106    @ar
200 1  @a跌打损伤偏方验方疗法@ADie Da Sun Shang Pian Fang Yan Fang Liao Fa@f李爱民主编@FLi Ai Min Zhu Bian@g王志强[等]编著
210    @a北京@c金盾出版社@d2009
215    @a246页@c图@d21cm
330    @a本书收录了近年中医药临床治疗跌打损伤卓有成效的偏方验方460个,以病统方,注重辨证论治的准确性,每个方剂均在组成、用法、主治等方面叙述详细,简便实用,可操作性强,适合广大群众及基层医务人员参考应用。
606 0  @a创伤@x验方
606 0  @a创伤
606 0  @a验方
690    @aR289.5@v4
701  0 @a李爱民@ALi Ai Min@4主编
702  0 @a王志强@AWang Zhi Qiang@4编著
801  0 @aCN@bTANGWEI@c20100407
905    @b0587722-26@dR289.5@e251@f5
    
    跌打损伤偏方验方疗法/李爱民主编/王志强[等]编著.-北京:金盾出版社,2009
    246页:图;21cm
    
    
    ISBN 978-7-5082-5173-8:CNY15.00
    本书收录了近年中医药临床治疗跌打损伤卓有成效的偏方验方460个,以病统方,注重辨证论治的准确性,每个方剂均在组成、用法、主治等方面叙述详细,简便实用,可操作性强,适合广大群众及基层医务人员参考应用。
●
相关链接 在E读中查询图书 在五车中查询图书 在当当中查询图书 在豆瓣中查询图书


正题名:跌打损伤偏方验方疗法     索取号:R289.5/251         预约/预借

序号 登录号 条形码 馆藏地/架位号 状态 备注
1 0587722   205877229   第二样本阅览室/ [索取号:R289.5/251] 在馆    
2 0587723   205877238   第三借阅区/ [索取号:R289.5/251] 在馆    
3 0587724   205877247   第三借阅区/ [索取号:R289.5/251] 在馆    
4 0587725   205877256   第三借阅区/ [索取号:R289.5/251] 在馆    
5 0587726   205877265   第三借阅区/ [索取号:R289.5/251] 在馆    
唐山师范学院图书馆 欢迎您!
大连网信软件有限公司© 版权所有